000 00336nam a2200157Ia 4500
003 OSt
005 20231107092835.0
008 170524s9999 xx 000 0 und d
020 _a9788120328150
040 _cIIMT UNIVERSTY
100 _aLee- Richard C
245 0 _aUML and C++
260 _bPHI
260 _c2005
942 _2ddc
_c02
999 _c5225
_d5225